00382nam a2200145Ia 4500003000900000008004100009040001300050040001300063100001800076245010400094250001200198260001200210300000800222490000600230IT-RoPAU120407s9999 xx 000 0 und d aIT-RoPAU cIT-RoPAU aThomas Merton aStagioni liturgiche. Meditazioni sulle massime festività religiose dell'anno, dopo il Vaticano II aMilano  aRusconi c cm v1